| 000 | 00626nam a22002177a 4500 | ||
|---|---|---|---|
| 003 | OSt | ||
| 005 | 20171020211459.0 | ||
| 008 | 130817b xxu||||| |||| 00| 0 eng d | ||
| 020 | _a0-1992-4668-8 | ||
| 040 |
_aLDCLIB _cLDCLIB |
||
| 082 |
_221 _a341.48 _bSCE |
||
| 245 |
_aSceptical Essays on Human Rights / _cedited by Tom Campbell and Adam Tomkins. |
||
| 260 |
_aUSA : _bOxford University Press, _c2001. |
||
| 300 |
_axxxv, 423 p. ; _c24 cm. |
||
| 500 | _aIncludes Index | ||
| 650 |
_a Civil rights _zGreat Britain |
||
| 650 | _aHuman rights | ||
| 700 | _aCampbell, Tom. | ||
| 700 | _aTomkins, Adam | ||
| 942 |
_2ddc _cBK |
||
| 999 |
_c5477 _d5477 |
||